| 000 | 00800cas a2200253u| 4500 | ||
|---|---|---|---|
| 001 | 17426 | ||
| 003 | BD-RjUL | ||
| 005 | 20211209000134.0 | ||
| 008 | 140217s1961 nyu |||||||||||1 ||eng| | ||
| 035 | _a(BD-RjUL)17484 | ||
| 040 |
_aDLC _cCarP _dDLC _dBD-RjUL _beng |
||
| 041 | _aeng | ||
| 082 | 0 | 0 |
_219 _a677.0282 _bADV 1961 |
| 245 | 0 | 0 |
_aAdvances in textile processing / _cEditors J. Edward Lynn and J.J. Press. _nVolume 1 |
| 260 |
_aNew York : _bTextile Book Publishers, _cc1961. |
||
| 300 |
_axii,379 p. : _billus. ; _c24 cm. |
||
| 504 | _aIncludes index. | ||
| 650 | 0 |
_aTextile industry. _953692 |
|
| 700 | 1 |
_aLynn, John Edward, [from old catalog] _eed. _953693 |
|
| 700 | 1 |
_aPress, Jack J., [from old catalog] _eed. _953694 |
|
| 942 |
_2ddc _cBK |
||
| 999 |
_c17426 _d17426 |
||